| 000 | 010310am a2200217 004500 | ||
|---|---|---|---|
| 008 | 681114s1968 njua d 000 0 eng | ||
| 010 | _a 68020922 | ||
| 040 |
_aDLC _cDLC _dDLC |
||
| 050 | 0 | 0 |
_aQ121 _b.V3 1968 |
| 092 | 0 | 4 |
_a503 _bV269 1968 _221 |
| 099 |
_a04 _a503 V269 1968 |
||
| 245 | 0 | 0 |
_aVan Nostrand's scientific encyclopedia; _baeronautics, astronomy, biochemistry, botany, chemical engineering, chemistry, civil engineering, computer technology, electrical engineering, electronics, geology, guided missiles, mathematics, mechanical engineering, medicine, metallurgy, meteorology, mineralogy, navigation, nuclear science and engineering, photoelectronics, photography, physics, planetary exploration, radio and television, rocketry, space travel, statistics, zoology. |
| 250 | _a4th ed. | ||
| 260 |
_aPrinceton, N.J., _bVan Nostrand _c[1968] |
||
| 300 |
_aix, 2008 p. _billus. (part col.) _c31 cm. |
||
| 650 | 0 |
_aScience _xDictionaries. |
|
| 902 | _a1 | ||
| 905 |
_aEman _eRev |
||
| 905 | _aJamal | ||
| 942 |
_2ddc _cREF |
||
| 999 |
_c104800 _d104800 |
||